• 首页
  • 本馆介绍
  • 公告通知
  • 最新文献
  • 馆藏检索
  • 电子资源
  • 读者导购
  • 参考咨询
  • 我的图书馆
  • 登录
  • 详细信息显示
  • 放入我的书架
  • 预约/预借图书
  • 作者相关作品
  • 分类相关作品
  • 丛书相关作品
  • 出版社相关作品

书目信息

  • 表格格式
  • 工作单格式
  • 卡片格式
题名:
中学化学自学指导
    
 
作者: 栾秀珠 , 岳云苦 , 安国增 编著
分册:  
出版信息: 北京   地质出版社  1985
页数: 366页
开本: 19cm
丛书名:
单 册:
中图分类: G723.48 , G633.8
科图分类:
主题词: 化学--成人教育--自学参考资料 , 教育--各级
电子资源:
ISBN:
000 00823nam0 2200301 45
001 0185002793
005 20040429085939.8
010    @dCNY1.50
091    @a7038.新138
100    @a19901127d1985 em y0chiy0121 ea
101 0  @achi
102    @aCN@b110000
105    @ay zq 000yy
106    @ar
200 10 @a中学化学自学指导@Azhong xue hua xue zi xue zhi dao@f栾秀珠等编著
210    @a北京@c地质出版社@d1985
215    @a366页@d19cm
300    @a职工文化补课辅导读物
606    @a化学@x成人教育@x自学参考资料
606 0  @a教育@x各级
690    @aG723.48@v3
690    @aG633.8
701  0 @a栾秀珠@Aluan xiu zhu@4编著
701  0 @a岳云苦@Ayue yun ku@4编著
701  0 @a安国增@Aan guo zeng@4编著
801  0 @aCN@b深圳图书馆@c20040429
801  2 @aCN@bNLC@c20040429
905    @f1@b124620@dG633.8@e46
    
    中学化学自学指导/栾秀珠等编著.-北京:地质出版社,1985
    366页;19cm
    职工文化补课辅导读物
    
    ISBN :CNY1.50
    
●
相关链接 在E读中查询图书 在五车中查询图书 在当当中查询图书 在豆瓣中查询图书


正题名:中学化学自学指导     索取号:G633.8/46         预约/预借

序号 登录号 条形码 馆藏地/架位号 状态 备注
1 0124618   001951472   密集书库/ [索取号:G633.8/46] 在馆    
2 0124620   000610404   密集书库/ [索取号:G633.8/46] 在馆    
3 0124622   000610397   第一样本阅览室/ [索取号:G633.8/46] 在馆    
唐山师范学院图书馆 欢迎您!
大连网信软件有限公司© 版权所有